000 00581nam a2200193Ia 4500
005 20250508155736.0
008 008 250505s9999 xx 000 0 eng d
037 _aDissertations
040 _aFEDL
_beng
_cFEDL
041 _aeng
_2eng
084 _a157.3, DSI/DI
_qFEDL
100 _aD'Silva Joanne
_9767388
245 0 _aStudy of self-concept in relation to types of anxiety and types of motivation
260 _c1972
300 _axi,268p.
546 _aM. Ed. Dissertation (Delhi University)
942 _cDIS
_h157.3, DSI/DI
999 _c1359063
_d1359063